| 000 | 00528nam a2200157Ia 4500 | ||
|---|---|---|---|
| 008 | 230718s9999 xx 000 0 und d | ||
| 041 | _aeng | ||
| 082 |
_a005.678 _bFIN |
||
| 100 |
_aFinklea B. _9173009 |
||
| 245 |
_aDrupal 6 Search Engine Optimization _bRank High In Search Engines With Professional SEO Tips Modules And Best Practices For Drupal Web Sites |
||
| 260 |
_c2009 _bPackt Pub. |
||
| 300 | _a261 | ||
| 365 |
_cRs. _b325.00 |
||
| 700 |
_aFinklea B. _9173009 |
||
| 906 |
_dO:0074117-Mar-2010B:668622-Feb-2010 _cCOMP _b65 |
||
| 999 |
_c324521 _d324521 |
||